| 000 | 00725cab a2200229 4500 | ||
|---|---|---|---|
| 001 | WB3241-47 | ||
| 008 | 090401t1996 xxu||||| |||| 00| 0 eng d | ||
| 035 | _a(Sirsi) u39985 | ||
| 041 | _aeng | ||
| 245 | _aSurveyors lose out to FM firm | ||
| 260 | _c1996 | ||
| 350 | _a0 | ||
| 490 |
_aProperty Week _v57(5) 1 November 1996, 2(1) |
||
| 520 | _aAllied Domecq have appointed a facilities management firm to act as both property and facility manager for a Greenford site. | ||
| 650 | _aALLIED DOMECQ | ||
| 650 |
_aFACILITIES MANAGEMENT _96240 |
||
| 650 | _aHONEYWELL FM | ||
| 650 |
_aProperty management _96262 |
||
| 690 | _aMANAGEMENT-BUSINESS MANAGEMENT-PROFESSIONAL PRACTICE | ||
| 942 | _n0 | ||
| 948 | _c04/03/1997 | ||
| 999 |
_c25603 _d25603 |
||